Statistics for Top 15 Countries with Covid-19 Cases - 19 January 2021

Click here to take the quiz!

General Stats

  • This quiz has been taken 30 times
  • The average score is 17 of 29

Answer Stats

country% Correct
United States
100%
Brazil
96%
France
93%
Russia
93%
Germany
89%
India
89%
Mexico
89%
United Kingdom
89%
Italy
85%
Spain
85%
Portugal
67%
Netherlands
63%
Sweden
63%
Turkey
63%
Argentina
56%
Belgium
56%
Poland
48%
Colombia
44%
Switzerland
41%
Czechia
37%
South Africa
37%
Croatia
30%
Israel
30%
Bahrain
26%
Armenia
22%
Lithuania
22%
Slovenia
22%
Panama
19%
Georgia
15%

Score Distribution

Percentile by Number Answered

Percent of People with Each Score

Your Score History

You have not taken this quiz